LIBRARY & INFORMATION CENTRE, KCAET, TAVANUR

ONLINE PUBLIC ACCESS CATALOGUE (OPAC)

Sprinkler irrigation (Record no. 13787)

MARC details
000 -LEADER
fixed length control field 00270nam a22001217a 4500
020 ## - INTERNATIONAL STANDARD BOOK NUMBER
ISBN 9788176222235
082 ## - DEWEY DECIMAL CLASSIFICATION NUMBER
Classification number 631.5873
Item number YAD/SP
245 ## - TITLE STATEMENT
Title Sprinkler irrigation
260 ## - PUBLICATION, DISTRIBUTION, ETC. (IMPRINT)
Place of publication Delhi
Name of publisher Biotech Books
Year of publication 2011
300 ## - PHYSICAL DESCRIPTION
Number of Pages 270 p
700 ## - ADDED ENTRY--PERSONAL NAME
Personal name Yadav,S.N
942 ## - ADDED ENTRY ELEMENTS (KOHA)
Koha item type Books
Holdings
Withdrawn status Lost status Damaged status Collection code Home library Current library Shelving location Date acquired Source of acquisition Cost, normal purchase price Full call number Accession Number Koha item type
      Non-fiction KAUAET KAUAET General Stacks 31/03/2012 Universal Research Books, Trichur 800.00 631.5873 YAD/SP 23361 Books
        KAUAET KAUAET General Stacks 09/06/2016 Universal Research Books, Thrissur 800.00 631.5873 YAD/SP 24315 Books
free website counter